[Event "DVM U14 2010"]
[Site "Magdeburg GER"]
[Date "2010.12.30"]
[Round "7"]
[White "Anders, Eric"]
[Black "Stukenborg, Rudi"]
[Result "1-0"]
[Termination "normal"]
[Board "5.4"]
[WhiteElo "1710"]
[BlackElo "1405"]
[WhiteTeam "SK Langen"]
[BlackTeam "SK Wildeshausen"]
[PlyCount "217"]
[WhiteFideId "1272110"]
[BlackFideId "1270497"]
[EventCountry "GER"]
[EventRounds "7"]
[EventType "team-swiss"]
[EventDate "2010.12.26"]

1. e4 e5 2. Nf3 Nc6 3. Bc4 Nf6 4. d3 d6 5. c3 Na5 6. Bb5+ c6 7. Ba4 b5 8. Bc2
Nb7 9. Nbd2 Nc5 10. Nf1 Ne6 11. Ng3 g6 12. O-O Bg7 13. Be3 O-O 14. Qd2 Ng4 15.
Rad1 Nxe3 16. fxe3 Qb6 17. Kh1 Bb7 18. d4 exd4 19. exd4 Rad8 20. Qf2 c5 21. Bb3
c4 22. Bc2 Qc7 23. Rfe1 Rfe8 24. Qf1 a6 25. a3 Bh6 26. Qf2 Bg7 27. Nf1 Nf8 28.
Ng3 Nd7 29. Nd2 Nf6 30. h3 Nd7 31. Nf3 Nb6 32. Bb1 Rd7 33. Re2 Rde7 34. Rde1
Nd7 35. Nd2 Nb6 36. Nf3 Nd7 37. Nd2 Nb6 38. Bc2 Nd7 39. Qf1 Nf6 40. Qf2 Nd7 41.
Qf4 Nb6 42. Nf3 Bc6 43. Nh2 d5 44. Qxc7 Rxc7 45. e5 Rce7 46. Nf3 Bh6 47. Kg1
Kg7 48. Kf2 Bd7 49. Nf1 f6 50. Ng3 Kf7 51. Bb1 Bg7 52. exf6 Bxf6 53. Rxe7+ Rxe7
54. Rxe7+ Kxe7 55. Bc2 Kd6 56. Ke3 Nc8 57. Kf4 Ne7 58. Ng5 h6 59. Nf7+ Ke6 60.
Nxh6 Be8 61. Ng4 g5+ 62. Kf3 Bf7 63. Bb1 Ng6 64. Bxg6 Bxg6 65. Nxf6 Kxf6 66.
Ke3 Bd3 67. Ne2 Kf5 68. g3 Kg6 69. Ng1 Kh5 70. Kf3 Be4+ 71. Ke3 Bg2 72. Kf2 Be4
73. Ne2 Bd3 74. Ng1 Be4 75. Nf3 a5 76. Ne5 Kh6 77. Nc6 Bf5 78. h4 gxh4 79. gxh4
a4 80. Kg3 Kh5 81. Nb4 Be6 82. Na6 Bd7 83. Nc7 Bc6 84. Ne6 Bd7 85. Nf4+ Kh6 86.
Nxd5 Bc6 87. Ne7 Bd7 88. d5 Kg7 89. Kf4 Kf7 90. d6 Be8 91. Nc8 Ke6 92. Kg5 Kd7
93. Ne7 Kxd6 94. Ng6 Ke6 95. h5 Bf7 96. h6 Bg8 97. Nf8+ Ke5 98. Kg6 Ke4 99. Kg7
Kd3 100. Kxg8 Kc2 101. h7 Kxb2 102. h8=Q Kxa3 103. Qh2 Kb3 104. Qd2 a3 105. Qc1
b4 106. cxb4 Kxb4 107. Nd7 Kb3 108. Nb6 c3 109. Qb1# 1-0

[Event "DVM U14 2010"]
[Site "Magdeburg GER"]
[Date "2010.12.30"]
[Round "7"]
[White "Pührer, Anne"]
[Black "Essig, Philipp"]
[Result "1/2-1/2"]
[Termination "normal"]
[Board "6.3"]
[WhiteElo "1714"]
[BlackElo "1272"]
[WhiteTeam "TuS Coswig 1920"]
[BlackTeam "SC Eppingen"]
[PlyCount "118"]
[WhiteFideId "24692247"]
[EventCountry "GER"]
[EventRounds "7"]
[EventType "team-swiss"]
[EventDate "2010.12.26"]

1. e4 e6 2. d4 d5 3. Nd2 Nf6 4. e5 Nfd7 5. Bd3 c5 6. c3 Nc6 7. Ne2 Qb6 8. Nf3
cxd4 9. cxd4 Be7 10. a3 O-O 11. O-O f6 12. exf6 Nxf6 13. Rb1 Bd7 14. Be3 Qc7
15. Qc2 Bd6 16. Ng3 h6 17. Rbc1 Rac8 18. Qb1 Qb8 19. Rfe1 e5 20. dxe5 Nxe5 21.
Nxe5 Bxe5 22. Rxc8 Rxc8 23. Bxa7 Qd6 24. Rc1 Rxc1+ 25. Qxc1 Qc6 26. Qd2 b6 27.
Qb4 Bc7 28. b3 Qb7 29. Bxb6 Qxb6 30. Qxb6 Bxb6 31. h3 Be6 32. a4 Ba5 33. Bb5
Kf7 34. Ne2 Ke7 35. Nd4 Bd7 36. Bd3 Kf7 37. Kf1 Bc3 38. Nc2 Ke6 39. Ke2 Ke5 40.
g3 d4 41. f4+ Kd5 42. g4 Ne4 43. Na3 Nd2 44. Bc2 Kc5 45. Nb1 Nxb1 46. Bxb1 Kb4
47. Bc2 Be6 48. Kd3 Bxb3 49. Bxb3 Kxb3 50. a5 Bxa5 51. Kxd4 Bc3+ 52. Ke4 Kc4
53. Kf5 Kd5 54. h4 Bd4 55. g5 hxg5 56. fxg5 Kd6 57. h5 Ke7 58. h6 Kf7 59. hxg7
Kxg7 1/2-1/2

[Event "DVM U14 2010"]
[Site "Magdeburg GER"]
[Date "2010.12.30"]
[Round "7"]
[White "Schückler, Jan"]
[Black "Linnemann, Julius"]
[Result "1-0"]
[Termination "normal"]
[Board "6.4"]
[WhiteElo "1217"]
[BlackElo "1395"]
[WhiteTeam "SC Eppingen"]
[BlackTeam "TuS Coswig 1920"]
[PlyCount "45"]
[WhiteFideId "12910554"]
[BlackFideId "24695696"]
[EventCountry "GER"]
[EventRounds "7"]
[EventType "team-swiss"]
[EventDate "2010.12.26"]

1. e4 c5 2. Nc3 e6 3. Bc4 a6 4. a4 Nc6 5. Nf3 Qc7 6. d3 Nf6 7. Qd2 Be7 8. g3
O-O 9. Qf4 d6 10. O-O e5 11. Qd2 Nd4 12. Nxd4 cxd4 13. Nd5 Nxd5 14. Bxd5 Bd7
15. b3 Rac8 16. Ra2 Bc6 17. Bxc6 Qxc6 18. Ba3 Rc7 19. Rb1 d5 20. Bxe7 Rxe7 21.
exd5 Qxd5 22. Qb4 Rd7 23. Re1 {Rest nicht nachvollziehbar} 1-0

[Event "DVM U14 2010"]
[Site "Magdeburg GER"]
[Date "2010.12.30"]
[Round "7"]
[White "Buchberger, Sascha"]
[Black "Meißner, Peter"]
[Result "1/2-1/2"]
[Termination "normal"]
[Board "7.1"]
[WhiteElo "1784"]
[BlackElo "1571"]
[WhiteTeam "SK Kriegshaber"]
[BlackTeam "Brackweder SK"]
[PlyCount "87"]
[WhiteFideId "24690180"]
[EventCountry "GER"]
[EventRounds "7"]
[EventType "team-swiss"]
[EventDate "2010.12.26"]

1. e4 c5 2. c3 d5 3. exd5 Qxd5 4. d4 e6 5. Nf3 Nc6 6. Na3 a6 7. Nc2 Nf6 8. Be2
Be7 9. O-O O-O 10. Be3 c4 11. Nd2 b5 12. Bf3 Qd7 13. b3 cxb3 14. axb3 Nd5 15.
c4 Nc7 16. Ra2 Bb7 17. Nb1 b4 18. Nd2 f5 19. Bf4 g5 20. Bxc7 Qxc7 21. Re1 g4
22. Bxc6 Qxc6 23. d5 exd5 24. Rxe7 dxc4 25. Qf1 cxb3 26. Nxb3 Qd5 27. Ncd4 a5
28. Rxa5 Rxa5 29. Nxa5 Qxd4 30. Rxb7 Rc8 31. Qe1 Kh8 32. Re7 Qb2 33. Re8+ Rxe8
34. Qxe8+ Kg7 35. Qe1 Qa3 36. Nc4 Qc3 37. Qxc3+ bxc3 38. Na3 f4 39. f3 h5 40.
fxg4 hxg4 41. Kf2 Kf6 42. Nc2 Kf5 43. g3 Ke4 44. gxf4 1/2-1/2

[Event "DVM U14 2010"]
[Site "Magdeburg GER"]
[Date "2010.12.30"]
[Round "7"]
[White "Beck, Oliver"]
[Black "Baiter, Christoph"]
[Result "1-0"]
[Termination "normal"]
[Board "7.2"]
[WhiteElo "1326"]
[BlackElo "1487"]
[WhiteTeam "Brackweder SK"]
[BlackTeam "SK Kriegshaber"]
[PlyCount "47"]
[WhiteFideId "12927635"]
[EventCountry "GER"]
[EventRounds "7"]
[EventType "team-swiss"]
[EventDate "2010.12.26"]

1. e4 e6 2. d4 d5 3. e5 c5 4. c3 Nc6 5. Nf3 Qb6 6. Bd3 Bd7 7. O-O cxd4 8. cxd4
Nge7 9. Nc3 Nf5 10. Bxf5 exf5 11. Nxd5 Qa5 12. Qb3 Rb8 13. Bd2 Qd8 14. Ne3 g6
15. Rfd1 Bg7 16. Nc4 O-O 17. Be3 b6 18. Rac1 Re8 19. Nd6 Rf8 20. Ng5 Qe7 21.
Ndxf7 Na5 22. Nh6+ Kh8 23. Ngf7+ Rxf7 24. Qxf7 1-0

[Event "DVM U14 2010"]
[Site "Magdeburg GER"]
[Date "2010.12.30"]
[Round "7"]
[White "Buchberger, Tamara"]
[Black "Schmitt, Matthias"]
[Result "1-0"]
[Termination "normal"]
[Board "7.3"]
[WhiteElo "1236"]
[BlackElo "1444"]
[WhiteTeam "SK Kriegshaber"]
[BlackTeam "Brackweder SK"]
[PlyCount "67"]
[BlackFideId "12927643"]
[EventCountry "GER"]
[EventRounds "7"]
[EventType "team-swiss"]
[EventDate "2010.12.26"]

1. e4 e5 2. Nf3 Nc6 3. Bc4 Bc5 4. c3 Nf6 5. d4 exd4 6. cxd4 Bb4+ 7. Nc3 d6 8.
d5 Ne7 9. Qa4+ c6 10. Qxb4 O-O 11. O-O c5 12. Qb3 a6 13. a4 Re8 14. Re1 Ng6 15.
Qc2 Qe7 16. Qe2 Bg4 17. Bd3 Ne5 18. Qe3 Nfd7 19. Nxe5 Nxe5 20. Be2 Bd7 21. f4
Ng6 22. f5 Ne5 23. Qg5 f6 24. Qg3 Nf7 25. Bh5 Rad8 26. Bxf7+ Kxf7 27. Bf4 Bc8
28. Rab1 Kg8 29. b4 cxb4 30. Rxb4 Bxf5 31. Reb1 Bc8 32. Rb6 Qc7 33. Bxd6 Qc4
34. R6b4 1-0

[Event "DVM U14 2010"]
[Site "Magdeburg GER"]
[Date "2010.12.30"]
[Round "7"]
[White "Hoffmann, Thiemo"]
[Black "Grabowski, Felix"]
[Result "0-1"]
[Termination "normal"]
[Board "7.4"]
[WhiteElo "1401"]
[BlackElo "1195"]
[WhiteTeam "Brackweder SK"]
[BlackTeam "SK Kriegshaber"]
[PlyCount "90"]
[EventCountry "GER"]
[EventRounds "7"]
[EventType "team-swiss"]
[EventDate "2010.12.26"]

1. e4 c5 2. f4 e6 3. Nf3 a6 4. Nc3 Qc7 5. d3 b5 6. g3 Bb7 7. Bg2 d6 8. O-O Nd7
9. b3 Ngf6 10. Bb2 Be7 11. Qe2 O-O 12. d4 cxd4 13. Nxd4 Qb6 14. Ncxb5 axb5 15.
Kh1 Ba6 16. Rfd1 b4 17. Qe1 Rac8 18. Rac1 Bb7 19. c4 Ra8 20. Ra1 Ra7 21. Nb5
Ra6 22. Bd4 Qc6 23. Na7 Qc7 24. Qxb4 Bxe4 25. Bxe4 Nxe4 26. Kg1 Rxa7 27. Bxa7
Qxa7+ 28. Kg2 Ndf6 29. Rf1 d5 30. Qe1 dxc4 31. bxc4 Qa4 32. Qc1 Rc8 33. Rb1
Qxa2+ 34. Rb2 Qxc4 35. Qxc4 Rxc4 36. Rb8+ Bf8 37. Rd1 Rb4 38. Ra8 h6 39. Rdd8
Nh7 40. Kf3 Nef6 41. h4 g6 42. g4 Kg7 43. g5 hxg5 44. fxg5 Nh5 45. Rac8 Rxh4
0-1

[Event "DVM U14 2010"]
[Site "Magdeburg GER"]
[Date "2010.12.30"]
[Round "7"]
[White "Bitter, Frank"]
[Black "Viereck, Marten"]
[Result "1-0"]
[Termination "normal"]
[Board "8.1"]
[WhiteElo "1641"]
[BlackElo "1915"]
[WhiteTeam "SC Weiße Dame Ulm"]
[BlackTeam "SV Dresden-Striessen 1990"]
[PlyCount "95"]
[WhiteFideId "12922722"]
[BlackFideId "24692190"]
[EventCountry "GER"]
[EventRounds "7"]
[EventType "team-swiss"]
[EventDate "2010.12.26"]

1. d4 c5 2. d5 e5 3. e4 Nf6 4. f3 d6 5. Bb5+ Nbd7 6. c4 Be7 7. Bd2 a6 8. Ba4
O-O 9. Na3 Nh5 10. Qc2 Bg5 11. O-O-O Nb6 12. Bb3 f5 13. Nh3 Bxd2+ 14. Qxd2 f4
15. Nf2 Bd7 16. Nc2 Nc8 17. a3 b5 18. Qc3 Nb6 19. Nd3 bxc4 20. Bxc4 Nxc4 21.
Qxc4 Bb5 22. Qc3 Bxd3 23. Rxd3 Rb8 24. Rdd1 c4 25. Na1 Qb6 26. Kc2 Rfc8 27.
Rhf1 Rb7 28. Rb1 Rcb8 29. b3 cxb3+ 30. Rxb3 Rc7 31. Rxb6 Rxc3+ 32. Kxc3 Rxb6
33. Nb3 Nf6 34. Rb1 Rb5 35. Nd2 Rc5+ 36. Nc4 Ne8 37. Rb6 Nc7 38. a4 Nb5+ 39.
axb5 axb5 40. Rc6 Rxc4+ 41. Rxc4 bxc4 42. Kxc4 Kf7 43. Kb5 g5 44. Kc6 h5 45. h3
g4 46. Kxd6 gxf3 47. gxf3 Kf6 48. h4 1-0

[Event "DVM U14 2010"]
[Site "Magdeburg GER"]
[Date "2010.12.30"]
[Round "7"]
[White "Christen, Alexander"]
[Black "Deutsch, Julius"]
[Result "1-0"]
[Termination "normal"]
[Board "8.2"]
[WhiteElo "1474"]
[BlackElo "1293"]
[WhiteTeam "SV Dresden-Striessen 1990"]
[BlackTeam "SC Weiße Dame Ulm"]
[PlyCount "107"]
[WhiteFideId "12927660"]
[EventCountry "GER"]
[EventRounds "7"]
[EventType "team-swiss"]
[EventDate "2010.12.26"]

1. e4 e6 2. d4 d5 3. exd5 exd5 4. Nc3 Nf6 5. Bf4 Bd6 6. Bxd6 Qxd6 7. Nf3 O-O 8.
Be2 Bf5 9. O-O Nc6 10. Bb5 a6 11. Bd3 Bg4 12. h3 Bxf3 13. Qxf3 Nxd4 14. Qe3 Ne6
15. Ne2 Rfe8 16. Qf3 Re7 17. Ng3 Ree8 18. Rae1 Qf4 19. Rxe6 Qxf3 20. Rxe8+ Rxe8
21. gxf3 c5 22. c4 h6 23. cxd5 Nxd5 24. Rd1 Nf4 25. Bf1 Rc8 26. Rd7 b5 27. Nf5
Rb8 28. Nd6 f6 29. Nf5 g6 30. Nxh6+ Kh8 31. Ng4 Nh5 32. Rd6 f5 33. Ne3 Nf4 34.
Kh2 a5 35. Ng2 Nxg2 36. Kxg2 Kg7 37. Rd5 c4 38. Rc5 Kf6 39. b3 cxb3 40. axb3 a4
41. bxa4 bxa4 42. Ra5 Rb4 43. Be2 Ke6 44. Bd1 g5 45. Rxa4 Rxa4 46. Bxa4 f4 47.
Kf1 Kd5 48. Ke2 Kc4 49. Kd2 Kd4 50. Bb3 Ke5 51. Kd3 Kf6 52. Kd4 Kg6 53. Be6 Kf6
54. Bg4 1-0

[Event "DVM U14 2010"]
[Site "Magdeburg GER"]
[Date "2010.12.30"]
[Round "7"]
[White "Walczak, Charley"]
[Black "Boeck, Anton"]
[Result "1/2-1/2"]
[Termination "normal"]
[Board "8.4"]
[WhiteElo "1131"]
[BlackElo "1202"]
[WhiteTeam "SV Dresden-Striessen 1990"]
[BlackTeam "SC Weiße Dame Ulm"]
[PlyCount "43"]
[WhiteFideId "12927686"]
[EventCountry "GER"]
[EventRounds "7"]
[EventType "team-swiss"]
[EventDate "2010.12.26"]

1. e4 e5 2. Nf3 Nc6 3. Bc4 Bc5 4. c3 Nf6 5. d4 exd4 6. cxd4 Bb4+ 7. Bd2 Bxd2+
8. Nbxd2 d5 9. exd5 Nxd5 10. O-O O-O 11. Re1 Nf6 12. Qb3 a6 13. Ne5 Nxe5 14.
dxe5 b5 15. Bxf7+ Rxf7 16. exf6 Bb7 17. Ne4 Bd5 18. Qg3 Bxe4 19. Rxe4 Qxf6 20.
Re2 Raf8 21. Qb3 c5 22. Qd5 1/2-1/2